[Event "DEM U12 2021"]
[Site "Willingen GER"]
[Date "2021.08.28"]
[Round "8"]
[White "Jumah, Shayan"]
[Black "Quartz, Konstantin"]
[Result "1-0"]
[Termination "normal"]
[Board "25"]
[WhiteElo "1275"]
[BlackElo "1027"]
[WhiteClock "01:01:57"]
[BlackClock "01:30:04"]
[PlyCount "97"]
[WhiteFideId "16281888"]
[BlackFideId "34604383"]
[EventCountry "GER"]
[EventRounds "9"]
[EventType "swiss"]
[EventDate "2021.08.22"]

1. d4 {[%clk 01:30:57]} {[%emt 00:00:02]} d5 {[%clk 01:30:57]} {[%emt
00:00:04]} 2. Nf3 {[%clk 01:31:20]} {[%emt 00:00:06]} Nf6 {[%clk 01:31:18]}
{[%emt 00:00:09]} 3. Bf4 {[%clk 01:31:46]} {[%emt 00:00:04]} e6 {[%clk
01:31:34]} {[%emt 00:00:14]} 4. e3 {[%clk 01:31:57]} {[%emt 00:00:18]} c5
{[%clk 01:31:56]} {[%emt 00:00:09]} 5. c3 {[%clk 01:32:18]} {[%emt 00:00:09]}
Nc6 {[%clk 01:31:58]} {[%emt 00:00:28]} 6. Bd3 {[%clk 01:32:31]} {[%emt
00:00:17]} Bd6 {[%clk 01:31:53]} {[%emt 00:00:34]} 7. Bg3 {[%clk 01:32:47]}
{[%emt 00:00:15]} Qc7 {[%clk 01:31:22]} {[%emt 00:01:01]} 8. dxc5 {[%clk
01:32:45]} {[%emt 00:00:32]} Bxg3 {[%clk 01:31:28]} {[%emt 00:00:23]} 9. hxg3
{[%clk 01:33:09]} {[%emt 00:00:06]} e5 {[%clk 01:31:15]} {[%emt 00:00:44]} 10.
Bb5 {[%clk 01:31:55]} {[%emt 00:01:44]} O-O {[%clk 01:30:22]} {[%emt 00:01:23]}
11. Bxc6 {[%clk 01:25:30]} {[%emt 00:06:54]} Qxc6 {[%clk 01:30:30]} {[%emt
00:00:23]} 12. Nxe5 {[%clk 01:25:51]} {[%emt 00:00:07]} Qxc5 {[%emt 00:00:38]}
13. Nd2 {[%clk 01:22:56]} {[%emt 00:03:21]} Re8 {[%clk 01:30:08]} {[%emt
00:00:49]} 14. Ndf3 {[%clk 01:23:06]} {[%emt 00:00:20]} Bg4 {[%clk 01:29:07]}
{[%emt 00:01:31]} 15. Nxg4 {[%clk 01:22:08]} {[%emt 00:01:27]} Nxg4 {[%emt
00:00:04]} 16. Qd4 {[%clk 01:16:28]} {[%emt 00:06:08]} Qxd4 {[%clk 01:29:11]}
{[%emt 00:00:55]} 17. Nxd4 {[%clk 01:15:53]} {[%emt 00:01:05]} Ne5 {[%clk
01:28:29]} {[%emt 00:01:12]} 18. b3 {[%clk 01:10:50]} {[%emt 00:05:33]} Nc6
{[%clk 01:28:19]} {[%emt 00:00:40]} 19. Nxc6 {[%clk 01:11:09]} {[%emt
00:00:11]} bxc6 {[%clk 01:28:48]} 20. O-O-O {[%clk 01:09:30]} {[%emt 00:02:08]}
a5 {[%clk 01:29:07]} {[%emt 00:00:12]} 21. Rh4 {[%clk 01:08:05]} {[%emt
00:01:55]} a4 {[%clk 01:28:01]} {[%emt 00:01:37]} 22. Rxa4 {[%clk 01:08:25]}
{[%emt 00:00:10]} Rxa4 {[%clk 01:28:30]} 23. bxa4 {[%clk 01:08:47]} {[%emt
00:00:07]} Ra8 {[%clk 01:28:59]} {[%emt 00:00:01]} 24. Rd4 {[%clk 01:09:10]}
{[%emt 00:00:07]} h6 {[%clk 01:28:43]} {[%emt 00:00:46]} 25. Kb2 {[%clk
01:04:26]} {[%emt 00:05:14]} Kf8 {[%clk 01:27:51]} {[%emt 00:01:22]} 26. Ka3
{[%clk 01:03:56]} {[%emt 00:01:00]} Ke7 {[%clk 01:28:08]} {[%emt 00:00:13]} 27.
Rb4 {[%clk 01:04:04]} {[%emt 00:00:22]} c5 {[%clk 01:28:22]} {[%emt 00:00:17]}
28. Rb7+ {[%clk 01:04:06]} {[%emt 00:00:27]} Ke6 {[%clk 01:28:49]} {[%emt
00:00:04]} 29. f3 {[%clk 01:03:29]} {[%emt 00:01:06]} g5 {[%clk 01:28:44]}
{[%emt 00:00:35]} 30. Rb6+ {[%clk 01:03:25]} {[%emt 00:00:34]} Ke5 {[%clk
01:29:04]} {[%emt 00:00:11]} 31. Rxh6 {[%clk 01:03:32]} {[%emt 00:00:22]} d4
{[%clk 01:29:06]} {[%emt 00:00:28]} 32. exd4+ {[%clk 01:03:25]} {[%emt
00:00:37]} cxd4 {[%clk 01:29:32]} {[%emt 00:00:04]} 33. cxd4+ {[%clk 01:03:48]}
{[%emt 00:00:06]} Kxd4 {[%clk 01:29:32]} {[%emt 00:00:31]} 34. Rf6 {[%clk
01:01:26]} {[%emt 00:02:52]} Ra7 {[%clk 01:29:46]} {[%emt 00:00:15]} 35. Rf5
{[%clk 01:01:04]} {[%emt 00:00:52]} Re7 {[%clk 01:28:30]} {[%emt 00:01:46]} 36.
Rxg5 {[%clk 00:59:52]} {[%emt 00:01:42]} Kc4 {[%clk 01:28:54]} {[%emt
00:00:06]} 37. Rg4+ {[%clk 01:00:00]} {[%emt 00:00:22]} Kc3 {[%clk 01:28:44]}
{[%emt 00:00:41]} 38. Re4 {[%clk 01:00:07]} {[%emt 00:00:23]} Rd7 {[%clk
01:28:54]} {[%emt 00:00:20]} 39. Re3 {[%clk 00:59:13]} {[%emt 00:01:24]} Kd2
{[%clk 01:29:17]} {[%emt 00:00:07]} 40. Rb3 {[%clk 00:59:22]} {[%emt 00:00:21]}
Ke2 {[%clk 01:28:35]} {[%emt 00:01:12]} 41. Rb2+ {[%clk 00:59:34]} {[%emt
00:00:18]} Rd2 {[%clk 01:27:18]} {[%emt 00:01:47]} 42. Rxd2+ {[%clk 00:59:52]}
{[%emt 00:00:12]} Kxd2 {[%clk 01:27:45]} {[%emt 00:00:03]} 43. a5 {[%clk
01:00:14]} {[%emt 00:00:08]} Ke2 {[%clk 01:28:11]} {[%emt 00:00:05]} 44. a6
{[%clk 01:00:39]} {[%emt 00:00:05]} Kf2 {[%clk 01:28:40]} {[%emt 00:00:01]} 45.
a7 {[%clk 01:01:02]} {[%emt 00:00:08]} Kxg2 {[%clk 01:28:53]} {[%emt 00:00:16]}
46. a8=Q {[%clk 01:01:23]} {[%emt 00:00:08]} Kxg3 {[%clk 01:29:14]} {[%emt
00:00:10]} 47. Qe4 {[%clk 01:01:41]} {[%emt 00:00:12]} f5 {[%clk 01:29:37]}
{[%emt 00:00:07]} 48. Qxf5 {[%clk 01:01:57]} {[%emt 00:00:13]} Kh4 {[%clk
01:30:04]} {[%emt 00:00:04]} 49. Qg4+ {[%emt 00:00:11]} 1-0

[Event "DEM U12 2021"]
[Site "Willingen GER"]
[Date "2021.08.28"]
[Round "8"]
[White "Schröder, Jan-Hendrik"]
[Black "Bock, Leonas"]
[Result "0-1"]
[Termination "normal"]
[Board "26"]
[WhiteElo "1246"]
[BlackElo "1278"]
[WhiteClock "00:34:28"]
[BlackClock "00:43:04"]
[PlyCount "38"]
[WhiteFideId "16283538"]
[BlackFideId "16287118"]
[EventCountry "GER"]
[EventRounds "9"]
[EventType "swiss"]
[EventDate "2021.08.22"]

1. e4 {[%clk 01:30:57]} {[%emt 00:00:01]} c5 {[%clk 01:30:51]} {[%emt
00:00:09]} 2. Nf3 {[%clk 01:31:06]} {[%emt 00:00:21]} Nc6 {[%clk 01:31:06]}
{[%emt 00:00:15]} 3. Bb5 {[%clk 01:31:29]} {[%emt 00:00:08]} e6 {[%clk
01:31:11]} {[%emt 00:00:25]} 4. O-O {[%clk 01:29:37]} {[%emt 00:02:22]} Nge7
{[%clk 01:31:29]} {[%emt 00:00:12]} 5. d3 {[%clk 01:26:22]} {[%emt 00:03:45]}
a6 {[%clk 01:31:10]} {[%emt 00:00:49]} 6. Bxc6 {[%clk 01:26:16]} {[%emt
00:00:36]} Nxc6 {[%clk 01:31:31]} {[%emt 00:00:09]} 7. Nc3 {[%clk 01:25:04]}
{[%emt 00:01:41]} d5 {[%clk 01:27:46]} {[%emt 00:04:16]} 8. exd5 {[%clk
01:21:35]} {[%emt 00:03:59]} exd5 {[%clk 01:28:00]} {[%emt 00:00:15]} 9. Bg5
{[%clk 01:17:00]} {[%emt 00:05:04]} f6 {[%clk 01:22:29]} {[%emt 00:06:03]} 10.
Re1+ {[%clk 01:15:23]} {[%emt 00:02:07]} Be7 {[%clk 01:22:12]} {[%emt
00:00:47]} 11. Bf4 {[%clk 01:10:23]} {[%emt 00:05:30]} O-O {[%clk 01:21:53]}
{[%emt 00:00:48]} 12. h3 {[%clk 01:05:49]} {[%emt 00:05:05]} b6 {[%clk
01:19:25]} {[%emt 00:02:57]} 13. Nh2 {[%clk 01:02:48]} {[%emt 00:03:31]} Nd4
{[%clk 01:15:00]} {[%emt 00:04:56]} 14. Ne2 {[%clk 00:56:56]} {[%emt 00:06:22]}
Ne6 {[%clk 01:11:15]} {[%emt 00:04:14]} 15. Bd2 {[%clk 00:54:59]} {[%emt
00:02:28]} Bd6 {[%clk 01:11:06]} {[%emt 00:00:39]} 16. Nc3 {[%clk 00:48:59]}
{[%emt 00:06:30]} d4 {[%clk 01:07:06]} {[%emt 00:04:30]} 17. Ne4 {[%clk
00:46:21]} {[%emt 00:03:08]} Bc7 {[%clk 01:03:53]} {[%emt 00:03:43]} 18. Qf3
{[%clk 00:38:00]} {[%emt 00:08:49]} Bb7 {[%clk 00:45:45]} {[%emt 00:18:39]} 19.
Qg4 {[%clk 00:34:28]} {[%emt 00:04:02]} f5 {[%clk 00:43:04]} {[%emt 00:03:11]}
0-1

[Event "DEM U12 2021"]
[Site "Willingen GER"]
[Date "2021.08.28"]
[Round "8"]
[White "Ehses, Julius"]
[Black "Meng, Yuxuan"]
[Result "1/2-1/2"]
[Termination "normal"]
[Board "27"]
[WhiteElo "1102"]
[BlackElo "1495"]
[WhiteClock "00:25:31"]
[BlackClock "00:45:27"]
[PlyCount "41"]
[WhiteFideId "16294920"]
[BlackFideId "16258231"]
[EventCountry "GER"]
[EventRounds "9"]
[EventType "swiss"]
[EventDate "2021.08.22"]

1. e4 {[%clk 01:30:58]} {[%emt 00:00:02]} c5 {[%clk 01:30:56]} {[%emt
00:00:05]} 2. Nf3 {[%clk 01:31:22]} {[%emt 00:00:06]} e6 {[%clk 01:31:22]}
{[%emt 00:00:04]} 3. Nc3 {[%clk 01:31:40]} {[%emt 00:00:11]} a6 {[%clk
01:31:00]} {[%emt 00:00:52]} 4. a4 {[%clk 01:31:48]} {[%emt 00:00:22]} Nc6
{[%clk 01:30:52]} {[%emt 00:00:39]} 5. Be2 {[%clk 01:30:50]} {[%emt 00:01:27]}
Nge7 {[%clk 01:30:01]} {[%emt 00:01:21]} 6. O-O {[%clk 01:30:25]} {[%emt
00:00:56]} d5 {[%clk 01:29:39]} {[%emt 00:00:51]} 7. exd5 {[%clk 01:30:23]}
{[%emt 00:00:31]} Nxd5 {[%clk 01:29:50]} {[%emt 00:00:20]} 8. Nxd5 {[%clk
01:29:24]} {[%emt 00:01:29]} exd5 {[%clk 01:28:50]} {[%emt 00:01:31]} 9. Re1
{[%clk 01:28:48]} {[%emt 00:01:05]} Be7 {[%clk 01:28:41]} {[%emt 00:00:39]} 10.
d4 {[%clk 01:27:23]} {[%emt 00:01:55]} c4 {[%clk 01:25:25]} {[%emt 00:03:47]}
11. Bf4 {[%clk 01:24:20]} {[%emt 00:03:31]} O-O {[%clk 01:23:33]} {[%emt
00:02:23]} 12. c3 {[%clk 01:21:00]} {[%emt 00:03:50]} Bf5 {[%clk 01:21:08]}
{[%emt 00:02:55]} 13. Ne5 {[%clk 01:13:48]} {[%emt 00:07:41]} Nxe5 {[%clk
01:08:34]} {[%emt 00:13:04]} 14. Bxe5 {[%clk 01:13:56]} {[%emt 00:00:21]} Bd6
{[%clk 01:06:08]} {[%emt 00:02:57]} 15. Bxd6 {[%clk 01:13:18]} {[%emt
00:01:08]} Qxd6 {[%clk 01:06:28]} {[%emt 00:00:11]} 16. Bf3 {[%clk 01:07:03]}
{[%emt 00:06:44]} Rfe8 {[%clk 00:56:48]} {[%emt 00:10:10]} 17. Rxe8+ {[%clk
00:53:00]} {[%emt 00:14:33]} Rxe8 {[%clk 00:56:11]} {[%emt 00:01:08]} 18. b3
{[%clk 00:47:42]} {[%emt 00:05:48]} b5 {[%clk 00:46:29]} {[%emt 00:10:12]} 19.
axb5 {[%clk 00:44:26]} {[%emt 00:03:46]} axb5 {[%clk 00:46:47]} {[%emt
00:00:13]} 20. bxc4 {[%clk 00:32:42]} {[%emt 00:12:13]} dxc4 {[%clk 00:45:27]}
{[%emt 00:01:51]} 21. Ra8 {[%clk 00:25:31]} {[%emt 00:07:40]} 1/2-1/2

[Event "DEM U12 2021"]
[Site "Willingen GER"]
[Date "2021.08.28"]
[Round "8"]
[White "Rückel, Felix"]
[Black "Wellßow, Lio Keanu"]
[Result "0-1"]
[Termination "normal"]
[Board "28"]
[WhiteElo "994"]
[BlackElo "1203"]
[WhiteClock "00:32:07"]
[BlackClock "01:17:19"]
[PlyCount "120"]
[WhiteFideId "34608826"]
[BlackFideId "16252837"]
[EventCountry "GER"]
[EventRounds "9"]
[EventType "swiss"]
[EventDate "2021.08.22"]

1. e4 {[%clk 01:30:59]} e6 {[%clk 01:30:48]} {[%emt 00:00:12]} 2. d4 {[%clk
01:31:14]} {[%emt 00:00:15]} d5 {[%clk 01:30:33]} {[%emt 00:00:45]} 3. exd5
{[%clk 01:31:29]} {[%emt 00:00:15]} exd5 {[%clk 01:30:52]} {[%emt 00:00:10]} 4.
Bd3 {[%clk 01:31:40]} {[%emt 00:00:19]} Bd6 {[%clk 01:31:08]} {[%emt 00:00:15]}
5. Nf3 {[%clk 01:31:35]} {[%emt 00:00:35]} Nf6 {[%clk 01:31:31]} {[%emt
00:00:07]} 6. O-O {[%clk 01:31:46]} {[%emt 00:00:18]} O-O {[%clk 01:31:55]}
{[%emt 00:00:07]} 7. Bg5 {[%clk 01:31:47]} {[%emt 00:00:28]} Bg4 {[%clk
01:32:08]} {[%emt 00:00:18]} 8. h3 {[%clk 01:31:53]} {[%emt 00:00:24]} Bh5
{[%clk 01:32:32]} {[%emt 00:00:06]} 9. Re1 {[%clk 01:32:00]} {[%emt 00:00:23]}
Nbd7 {[%clk 01:32:21]} {[%emt 00:00:42]} 10. Nbd2 {[%clk 01:32:18]} {[%emt
00:00:11]} Re8 {[%clk 01:32:16]} {[%emt 00:00:35]} 11. c3 {[%clk 01:32:15]}
{[%emt 00:00:33]} c6 {[%clk 01:32:05]} {[%emt 00:00:41]} 12. Qc2 {[%clk
01:32:22]} {[%emt 00:00:23]} Qc7 {[%clk 01:31:41]} {[%emt 00:00:55]} 13. a3
{[%clk 01:24:48]} {[%emt 00:08:04]} h6 {[%clk 01:28:56]} {[%emt 00:03:14]} 14.
Bxf6 {[%clk 01:18:54]} {[%emt 00:06:24]} Nxf6 {[%clk 01:29:10]} {[%emt
00:00:17]} 15. Rac1 {[%clk 01:16:03]} {[%emt 00:03:20]} Bf4 {[%clk 01:26:58]}
{[%emt 00:02:43]} 16. Ra1 {[%clk 01:15:24]} {[%emt 00:01:09]} g5 {[%clk
01:25:39]} {[%emt 00:01:49]} 17. g4 {[%clk 01:06:19]} {[%emt 00:09:35]} Bg6
{[%clk 01:24:53]} {[%emt 00:01:15]} 18. Bxg6 {[%clk 01:06:34]} {[%emt
00:00:16]} fxg6 {[%clk 01:25:14]} {[%emt 00:00:07]} 19. Qxg6+ {[%clk 01:06:58]}
{[%emt 00:00:07]} Qg7 {[%clk 01:25:39]} {[%emt 00:00:06]} 20. Qxg7+ {[%clk
01:05:51]} {[%emt 00:01:37]} Kxg7 {[%clk 01:26:01]} {[%emt 00:00:08]} 21. Nb3
{[%clk 01:05:39]} {[%emt 00:00:42]} b6 {[%clk 01:24:20]} {[%emt 00:02:11]} 22.
Kg2 {[%clk 01:04:45]} {[%emt 00:01:24]} Kg6 {[%clk 01:23:49]} {[%emt 00:01:01]}
23. a4 {[%clk 01:01:59]} {[%emt 00:03:16]} h5 {[%clk 01:22:05]} {[%emt
00:02:15]} 24. gxh5+ {[%clk 01:00:30]} {[%emt 00:01:58]} Kxh5 {[%clk 01:21:28]}
{[%emt 00:01:07]} 25. Nbd2 {[%clk 00:55:03]} {[%emt 00:05:57]} g4 {[%clk
01:20:53]} {[%emt 00:01:05]} 26. hxg4+ {[%clk 00:53:47]} {[%emt 00:01:46]} Kxg4
{[%clk 01:20:31]} {[%emt 00:00:52]} 27. Nf1 {[%clk 00:52:57]} {[%emt 00:01:18]}
Rg8 {[%clk 01:19:45]} {[%emt 00:01:18]} 28. Ne3+ {[%clk 00:48:19]} {[%emt
00:05:07]} Bxe3 {[%clk 01:18:58]} {[%emt 00:01:18]} 29. fxe3 {[%clk 00:47:52]}
{[%emt 00:00:56]} Kf5+ {[%clk 01:18:44]} {[%emt 00:01:15]} 30. Kf2 {[%clk
00:46:36]} {[%emt 00:02:16]} Ne4+ {[%clk 01:18:08]} {[%emt 00:01:07]} 31. Ke2
{[%clk 00:46:07]} {[%emt 00:00:58]} Rg2+ {[%clk 01:18:15]} {[%emt 00:00:23]}
32. Kd1 {[%clk 00:46:09]} {[%emt 00:00:28]} Rxb2 {[%clk 01:17:41]} {[%emt
00:01:03]} 33. Kc1 {[%clk 00:46:09]} {[%emt 00:00:30]} Rb3 {[%clk 01:17:24]}
{[%emt 00:00:48]} 34. Nh4+ {[%clk 00:45:21]} {[%emt 00:01:17]} Kg4 {[%clk
01:17:21]} {[%emt 00:00:34]} 35. Ng2 {[%clk 00:44:59]} {[%emt 00:00:51]} Rxc3+
{[%clk 01:17:29]} {[%emt 00:00:23]} 36. Kb1 {[%clk 00:43:45]} {[%emt 00:01:44]}
Rh8 {[%clk 01:16:59]} {[%emt 00:01:00]} 37. Nf4 {[%clk 00:41:42]} {[%emt
00:02:33]} Rh2 {[%clk 01:17:07]} {[%emt 00:00:22]} 38. Ra2 {[%clk 00:40:46]}
{[%emt 00:01:26]} Nd2+ {[%clk 01:16:36]} {[%emt 00:01:01]} 39. Ka1 {[%clk
00:39:26]} {[%emt 00:01:49]} Nb3+ {[%clk 01:14:25]} {[%emt 00:02:41]} 40. Kb1
{[%clk 00:39:28]} {[%emt 00:00:29]} Rxa2 {[%clk 01:14:02]} {[%emt 00:00:52]}
41. Kxa2 {[%clk 00:39:49]} {[%emt 00:00:10]} Nc1+ {[%clk 01:14:26]} {[%emt
00:00:06]} 42. Kb2 {[%clk 00:39:43]} {[%emt 00:00:36]} Nd3+ {[%clk 01:14:43]}
{[%emt 00:00:13]} 43. Kxc3 {[%clk 00:37:09]} {[%emt 00:03:04]} Nxe1 {[%clk
01:14:57]} {[%emt 00:00:16]} 44. Kd2 {[%clk 00:35:26]} {[%emt 00:02:13]} Nf3+
{[%clk 01:15:01]} {[%emt 00:00:26]} 45. Kc3 {[%clk 00:34:12]} {[%emt 00:01:44]}
a5 {[%clk 01:15:11]} {[%emt 00:00:20]} 46. Kc2 {[%clk 00:32:27]} {[%emt
00:02:10]} Nxd4+ {[%clk 01:15:31]} {[%emt 00:00:14]} 47. exd4 {[%clk 00:31:18]}
{[%emt 00:01:40]} Kxf4 {[%clk 01:15:53]} {[%emt 00:00:07]} 48. Kd3 {[%clk
00:31:22]} {[%emt 00:00:26]} c5 {[%clk 01:16:18]} {[%emt 00:00:06]} 49. Kc3
{[%clk 00:30:51]} {[%emt 00:01:01]} Ke4 {[%clk 01:16:42]} {[%emt 00:00:06]} 50.
dxc5 {[%clk 00:31:04]} {[%emt 00:00:16]} bxc5 {[%clk 01:17:03]} {[%emt
00:00:09]} 51. Kb3 {[%clk 00:31:29]} {[%emt 00:00:05]} Kd3 {[%clk 01:17:27]}
{[%emt 00:00:06]} 52. Kb2 {[%clk 00:31:29]} {[%emt 00:00:30]} Kd2 {[%clk
01:17:49]} {[%emt 00:00:08]} 53. Kb1 {[%clk 00:31:29]} {[%emt 00:00:29]} c4
{[%clk 01:18:14]} {[%emt 00:00:06]} 54. Ka2 {[%clk 00:31:32]} {[%emt 00:00:28]}
c3 {[%clk 01:16:36]} {[%emt 00:04:47]} 55. Kb3 {[%clk 00:31:33]} {[%emt
00:00:29]} c2 {[%clk 01:16:57]} {[%emt 00:00:08]} 56. Ka2 {[%clk 00:31:50]}
{[%emt 00:00:14]} c1=Q {[%emt 00:00:11]} 57. Kb3 {[%emt 00:00:13]} Qc3+ {[%clk
01:16:33]} {[%emt 00:00:29]} 58. Ka2 {[%clk 00:32:05]} {[%emt 00:00:15]} Qb4
{[%clk 01:16:57]} {[%emt 00:00:06]} 59. Ka1 {[%clk 00:32:21]} {[%emt 00:00:15]}
Kc2 {[%clk 01:17:19]} {[%emt 00:00:07]} 60. Ka2 {[%clk 00:32:07]} {[%emt
00:00:44]} Qxa4# {[%emt 00:00:27]} 0-1

[Event "DEM U12 2021"]
[Site "Willingen GER"]
[Date "2021.08.29"]
[Round "9"]
[White "Haubold, Sebastian Marcel"]
[Black "Besou, Hussain"]
[Result "1/2-1/2"]
[Termination "normal"]
[Board "1"]
[WhiteElo "1813"]
[BlackElo "1856"]
[WhiteClock "00:01:59"]
[BlackClock "00:05:36"]
[PlyCount "80"]
[WhiteFideId "16259637"]
[BlackFideId "16269950"]
[EventCountry "GER"]
[EventRounds "9"]
[EventType "swiss"]
[EventDate "2021.08.22"]

1. e4 {[%clk 01:30:58]} e5 {[%clk 01:30:49]} {[%emt 00:00:12]} 2. Nf3 {[%clk
01:31:21]} {[%emt 00:00:06]} Nc6 {[%clk 01:31:08]} {[%emt 00:00:11]} 3. Bc4
{[%clk 01:31:44]} {[%emt 00:00:07]} Nf6 {[%clk 01:29:32]} {[%emt 00:02:07]} 4.
d3 {[%clk 01:32:07]} {[%emt 00:00:07]} Be7 {[%clk 01:29:12]} {[%emt 00:00:49]}
5. O-O {[%clk 01:31:51]} {[%emt 00:00:47]} O-O {[%clk 01:28:52]} {[%emt
00:00:50]} 6. Re1 {[%clk 01:31:41]} {[%emt 00:00:39]} d6 {[%clk 01:28:52]}
{[%emt 00:00:31]} 7. a4 {[%clk 01:31:44]} {[%emt 00:00:28]} Na5 {[%clk
01:27:18]} {[%emt 00:02:03]} 8. Ba2 {[%clk 01:31:24]} {[%emt 00:00:49]} c5
{[%clk 01:27:28]} {[%emt 00:00:21]} 9. c3 {[%clk 01:29:14]} {[%emt 00:02:40]}
Nc6 {[%clk 01:27:08]} {[%emt 00:00:49]} 10. Na3 {[%clk 01:28:04]} {[%emt
00:01:41]} h6 {[%clk 01:21:08]} {[%emt 00:06:30]} 11. h3 {[%clk 01:25:39]}
{[%emt 00:02:54]} Re8 {[%clk 01:14:33]} {[%emt 00:07:07]} 12. Bd2 {[%clk
01:21:20]} {[%emt 00:04:48]} a6 {[%clk 01:07:05]} {[%emt 00:07:59]} 13. Nc2
{[%clk 01:14:26]} {[%emt 00:07:23]} Rb8 {[%clk 01:03:42]} {[%emt 00:03:53]} 14.
b4 {[%clk 01:10:45]} {[%emt 00:04:11]} cxb4 {[%clk 01:03:51]} {[%emt 00:00:22]}
15. Nxb4 {[%clk 01:09:14]} {[%emt 00:02:00]} Nxb4 {[%clk 01:03:41]} {[%emt
00:00:41]} 16. cxb4 {[%clk 01:09:31]} {[%emt 00:00:14]} Bf8 {[%clk 00:54:41]}
{[%emt 00:09:29]} 17. Qc2 {[%clk 00:54:38]} {[%emt 00:15:23]} Bd7 {[%emt
00:04:22]} 18. d4 {[%clk 00:52:37]} {[%emt 00:02:30]} exd4 {[%clk 00:39:39]}
{[%emt 00:11:42]} 19. Nxd4 {[%clk 00:52:45]} {[%emt 00:00:22]} g6 {[%clk
00:39:43]} {[%emt 00:00:25]} 20. e5 {[%clk 00:52:05]} {[%emt 00:01:10]} dxe5
{[%clk 00:39:12]} {[%emt 00:01:01]} 21. Qxg6+ {[%clk 00:51:18]} {[%emt
00:01:16]} Kh8 {[%clk 00:39:17]} {[%emt 00:00:26]} 22. Bxf7 {[%clk 00:51:11]}
{[%emt 00:00:37]} exd4 {[%clk 00:39:31]} {[%emt 00:00:16]} 23. Bxe8 {[%clk
00:45:46]} {[%emt 00:05:55]} Bxe8 {[%clk 00:39:41]} {[%emt 00:00:20]} 24. Qd3
{[%clk 00:41:47]} {[%emt 00:04:29]} Qd6 {[%clk 00:34:01]} {[%emt 00:06:10]} 25.
Re2 {[%clk 00:39:18]} {[%emt 00:02:58]} Rd8 {[%clk 00:26:13]} {[%emt 00:08:19]}
26. Rae1 {[%clk 00:35:50]} {[%emt 00:03:58]} Bf7 {[%clk 00:26:01]} {[%emt
00:00:41]} 27. Qf5 {[%clk 00:35:15]} {[%emt 00:01:05]} Bg7 {[%clk 00:20:48]}
{[%emt 00:16:42]} 28. b5 {[%clk 00:18:38]} {[%emt 00:06:10]} axb5 {[%clk
00:16:11]} {[%emt 00:05:08]} 29. axb5 {[%clk 00:16:27]} {[%emt 00:02:40]} Bd5
{[%clk 00:11:39]} {[%emt 00:05:02]} 30. Re7 {[%clk 00:13:31]} {[%emt 00:03:26]}
Ng8 {[%clk 00:10:46]} {[%emt 00:01:23]} 31. R7e2 {[%clk 00:11:10]} {[%emt
00:02:50]} Rf8 {[%clk 00:11:00]} {[%emt 00:00:17]} 32. Qd3 {[%clk 00:10:36]}
{[%emt 00:01:04]} Qc7 {[%clk 00:10:23]} {[%emt 00:01:08]} 33. Rc1 {[%clk
00:09:41]} {[%emt 00:01:25]} Qd6 {[%clk 00:09:27]} {[%emt 00:01:25]} 34. Rc2
{[%clk 00:07:57]} {[%emt 00:02:14]} Bf7 {[%clk 00:08:37]} {[%emt 00:01:20]} 35.
Rc1 {[%clk 00:07:13]} {[%emt 00:01:15]} Bg6 {[%clk 00:07:18]} {[%emt 00:01:49]}
36. Qc4 {[%clk 00:06:45]} {[%emt 00:00:57]} Qf6 {[%clk 00:06:22]} {[%emt
00:01:26]} 37. Bb4 {[%clk 00:05:38]} {[%emt 00:01:37]} Rf7 {[%clk 00:06:32]}
{[%emt 00:00:20]} 38. Rd2 {[%clk 00:04:07]} {[%emt 00:02:01]} Qg5 {[%clk
00:06:32]} {[%emt 00:00:30]} 39. Re1 {[%clk 00:04:02]} {[%emt 00:00:35]} Kh7
{[%clk 00:05:36]} {[%emt 00:01:26]} 40. b6 {[%clk 00:01:59]} {[%emt 00:02:33]}
Rd7 {[%emt 00:10:45]} 1/2-1/2